Britská sociální péče

Bibliographic Details
Main Author: Owen, A.D (Author)
Format: Book
Language:Undetermined
PhysicalDescription:70 s.
Published: Londýn 1942

MARC

LEADER 00000nam a2200000 a 4500
001 vtls001361519
003 SK-MaSNL
005 20260301160905.0
008 240314s1942 xx 0 und
035 |a SNK000315098 
040 |a SNK  |b slo  |c SNK  |e AACR2 
100 1 |a Owen, A.D.  |4 aut  |9 523083 
245 1 0 |a Britská sociální péče 
260 |a Londýn  |c 1942 
300 |a 70 s. 
999 |c 807331  |d 809261 
952 |t P60, <04>, [BOOK], {604}  |a SNK  |b SNK  |y VYP  |7 0  |p 17A0186491  |o snkID 55360  |0 0  |1 0  |4 0  |d 1999-04-23  |l 0  |r 2005-01-02 00:00:00  |w 2026-02-24